[Event "Sao Paulo Salles Cup 3rd"]
[Site "Sao Paulo"]
[Date "2015.03.22"]
[Round "6"]
[White "Ashcar, Decio"]
[Black "Santos, Elton Jorge Francis"]
[Result "1-0"]
[WhiteElo "1685"]
[BlackElo "1940"]
[PlyCount "79"]
[EventDate "2015.03.20"]
[EventType "swiss"]
[EventRounds "6"]
[EventCountry "BRA"]
[SourceTitle "CBM 165 Extra"]
[Source "ChessBase"]
[SourceDate "2015.04.21"]
[SourceVersion "1"]
[SourceVersionDate "2015.04.21"]
[SourceQuality "1"]

1. b3 e5 2. Bb2 d6 3. e4 Nf6 4. Nc3 Be7 5. d4 exd4 6. Qxd4 Nc6 7. Bb5 Bd7 8. Bxc6 Bxc6 9. Nge2 Qd7 10. f3 Bb5 11. Nxb5 Qxb5 12. Nc3 Qg5 13. Qd2 Qxd2+ 14. Kxd2 0-0-0 15. Nd5 Nxd5 16. exd5 Bg5+ 17. Kd3 Bf6 18. Bxf6 gxf6 19. Rae1 Rde8 20. c4 Kd7 21. Kd2 c6 22. dxc6+ bxc6 23. Rxe8 Rxe8 24. Re1 Re6 25. g4 d5 26. cxd5 cxd5 27. Rxe6 fxe6 28. f4 e5 29. fxe5 fxe5 30. b4 Kd6 31. h4 e4 32. a4 Ke5 33. b5 Kf4 34. a5 Kf3 35. Ke1 d4 36. b6 axb6 37. axb6 d3 38. b7 e3 39. b8Q d2+ 40. Kd1 1-0

[Event "Sao Paulo Salles Cup 3rd"]
[Site "Sao Paulo"]
[Date "2015.03.21"]
[Round "3"]
[White "Santos, Elton Jorge Francis"]
[Black "Venelli, Luiz Gonzaga"]
[Result "0-1"]
[WhiteElo "1940"]
[BlackElo "1785"]
[PlyCount "194"]
[EventDate "2015.03.20"]
[EventType "swiss"]
[EventRounds "6"]
[EventCountry "BRA"]
[SourceTitle "CBM 165 Extra"]
[Source "ChessBase"]
[SourceDate "2015.04.21"]
[SourceVersion "1"]
[SourceVersionDate "2015.04.21"]
[SourceQuality "1"]

1. d4 d5 2. c4 e6 3. Nf3 Nf6 4. Bg5 Be7 5. e3 b6 6. cxd5 Nxd5 7. Bxe7 Nxe7 8. Bd3 0-0 9. 0-0 Ba6 10. Nc3 Bxd3 11. Qxd3 h6 12. Rfd1 Nd7 13. Rac1 c5 14. dxc5 Nxc5 15. Qc4 Qc8 16. Qg4 Qa6 17. Ne5 Rad8 18. b4 Nd3 19. Rxd3 Rxd3 20. b5 Rxc3 21. Rxc3 Qxb5 22. Nd3 Qb1+ 23. Nc1 Nd5 24. Rc4 Nb4 25. Qd1 Nxa2 26. h3 Nxc1 27. Rxc1 Qe4 28. Qd7 Qa8 29. Rc7 a5 30. Qb5 Qb8 31. Rc6 Rd8 32. g3 Rd6 33. Rxd6 Qxd6 34. Qe8+ Qf8 35. Qc6 Qd8 36. g4 Qd1+ 37. Kh2 Qd8 38. Kg1 Qb8 39. Qb5 Qd8 40. Qc6 Qd1+ 41. Kh2 Qd8 42. Kg1 Qb8 43. Qb5 g6 44. h4 Qd6 45. Qe8+ Kg7 46. Qa4 Qb4 47. Qa1+ f6 48. Qd1 Kf7 49. Qd7+ Qe7 50. Qc6 f5 51. Qxb6 Qxh4 52. Qxa5 Qxg4+ 53. Kh2 Qh4+ 54. Kg1 Qg4+ 55. Kh2 Qh4+ 56. Kg1 Qe7 57. Qe5 Kg8 58. Qb8+ Kh7 59. f4 g5 60. fxg5 Qxg5+ 61. Kf2 Qg7 62. Qe8 Qb2+ 63. Kf3 Qb7+ 64. Kf2 Qb2+ 65. Kf3 Qf6 66. Qd7+ Kg6 67. Qe8+ Kg5 68. Qg8+ Qg6 69. Qd8+ Kh5 70. Qd6 Qg4+ 71. Kf2 Qh4+ 72. Kf3 Qh1+ 73. Kf2 Qh4+ 74. Kf3 Qf6 75. Qh2+ Kg6 76. Qb8 e5 77. Qg8+ Qg7 78. Qe6+ Qf6 79. Qe8+ Kg5 80. Qg8+ Qg6 81. Qd8+ Kh5 82. Qf8 e4+ 83. Kf2 Kh4 84. Qb8 Qg4 85. Qb6 h5 86. Qf6+ Kh3 87. Qb6 h4 88. Qh6 Kh2 89. Ke1 h3 90. Qb6 Qf3 91. Qb2+ Kg3 92. Qe5+ Kg2 93. Qb2+ Kg1 94. Qg7+ Qg2 95. Qh7 Qf2+ 96. Kd1 h2 97. Qg6+ Qg2 0-1

[Event "Sao Paulo Salles Cup 3rd"]
[Site "Sao Paulo"]
[Date "2015.03.21"]
[Round "4"]
[White "Zmetek, Marcos Simao"]
[Black "Santos, Elton Jorge Francis"]
[Result "0-1"]
[WhiteElo "1488"]
[BlackElo "1940"]
[PlyCount "72"]
[EventDate "2015.03.20"]
[EventType "swiss"]
[EventRounds "6"]
[EventCountry "BRA"]
[SourceTitle "CBM 165 Extra"]
[Source "ChessBase"]
[SourceDate "2015.04.21"]
[SourceVersion "1"]
[SourceVersionDate "2015.04.21"]
[SourceQuality "1"]

1. e4 c5 2. Nf3 d6 3. d4 cxd4 4. Nxd4 Nf6 5. Nc3 a6 6. Bg5 e6 7. Bd3 Be7 8. 0-0 Bd7 9. Qd2 Nc6 10. Qe3 0-0 11. Nxc6 Bxc6 12. Qg3 Nh5 13. Bxe7 Qxe7 14. Qe3 Nf6 15. Rad1 Rfd8 16. e5 dxe5 17. Qxe5 Rd7 18. Rfe1 Qb4 19. Ne4 Bxe4 20. Bxe4 Rxd1 21. Rxd1 Qxe4 22. Qc7 h6 23. f3 Qc6 24. Rd8+ Rxd8 25. Qxd8+ Kh7 26. Qd3+ g6 27. Qd8 Qc5+ 28. Kf1 Kg7 29. Qd3 Nd5 30. Qb3 Qxc2 31. Qxb7 Ne3+ 32. Ke1 Nxg2+ 33. Kf1 Ne3+ 34. Ke1 Qxh2 35. Qb6 Nf5 36. Qb8 Qxb8 0-1

[Event "Mogi das Cruzes op 08"]
[Site "Mogi das Cruzes"]
[Date "2012.08.31"]
[Round "1"]
[White "Santos, Elton Jorge Francis"]
[Black "Queiroz, Stella Becker"]
[Result "1-0"]
[WhiteElo "1996"]
[BlackElo "1570"]
[PlyCount "45"]
[EventDate "2012.08.31"]
[EventType "swiss"]
[EventRounds "6"]
[EventCountry "BRA"]
[SourceTitle "CBM 150 Extra"]
[Source "ChessBase"]
[SourceDate "2012.10.19"]
[SourceVersion "1"]
[SourceVersionDate "2012.10.19"]
[SourceQuality "1"]

1. d4 c6 2. c4 d5 3. Nf3 Nf6 4. Nc3 dxc4 5. b3 cxb3 6. Qxb3 Qb6 7. Qc2 Bg4 8. Rb1 Qc7 9. Ne5 Nbd7 10. Bf4 Qc8 11. h3 Bh5 12. e4 Bg6 13. Bd3 e6 14. 0-0 Be7 15. Nc4 0-0 16. a4 Rd8 17. Bd6 Bf8 18. e5 Bxd3 19. Qxd3 Nd5 20. Ne4 N7b6 21. Bxf8 Kxf8 22. Ned6 Qc7 23. Qxh7 1-0